书目信息 |
| 题名: |
苏联现代学校管理文选
|
|
| 作者: | ;北京教育行政学院 编 | |
| 分册: | ||
| 出版信息: | 北京 知识出版社 1983 |
|
| 页数: | 413页 | |
| 开本: | 19cm | |
| 丛书名: | ||
| 单 册: | ||
| 中图分类: | G5512-53 , G551.26 | |
| 科图分类: | ||
| 主题词: | 教育事业--世界--苏联--现代--文集 | |
| 电子资源: | ||
| ISBN: | ||
| 000 | 00741nam0 2200253 45 | |
| 001 | 0183009090 | |
| 005 | 20040425133040.9 | |
| 010 | @dCNY1.15 | |
| 091 | @a7214.31 | |
| 100 | @a19951002d1983 emky0chiy0121 ea | |
| 101 | 1 | @achi |
| 102 | @aCN@b110000 | |
| 105 | @ay z 000yy | |
| 106 | @ar | |
| 200 | 10 | @a苏联现代学校管理文选@Asu lian xian dai xue xiao guan li wen xuan@f北京教育行政学院编译 |
| 210 | @a北京@c知识出版社@d1983 | |
| 215 | @a413页@d19cm | |
| 606 | @a教育事业@x世界@y苏联@z现代@x文集 | |
| 690 | @aG5512-53@v3 | |
| 690 | @aG551.26@v3 | |
| 711 | 02 | @a北京教育行政学院@Abei jing jiao yu xing zheng xue yuan@4编 |
| 801 | 0 | @aCN@b上海图书馆@c20040424 |
| 801 | 2 | @aCN@bNLC@c20040424 |
| 905 | @f2@b109151-152@dG551.26@e11 | |
| 苏联现代学校管理文选/北京教育行政学院编译.-北京:知识出版社,1983 |
| 413页;19cm |
| ISBN :CNY1.15 |
| ● |
| 相关链接 |
|
|
|
|
正题名:苏联现代学校管理文选
索取号:G551.26/11
 
预约/预借
| 序号 | 登录号 | 条形码 | 馆藏地/架位号 | 状态 | 备注 |
| 1 | 0109151 | 000464036 | 第四借阅区/ [索取号:G551.26/11] | 在馆 | |
| 2 | 0109152 | 000464072 | 第四借阅区/ [索取号:G551.26/11] | 在馆 | |
| 3 | 0109153 | 000463992 | 第一样本阅览室/ [索取号:G551.26/11] | 在馆 |